Chelsea FC 2020-2021 Squad - Statistics

General Stats
  • This quiz has been taken 2,347 times
    2,266 since last reset
  • The average score is 21 of 28
Answer Stats
Position Kit Number Nationality Answer % Correct
GK #1 Spain Kepa Arrizabalaga
97%
GK #16 Senegal Édouard Mendy
96%
DEF #2 Germany Antonio Rüdiger
94%
MID #7 France N'Golo Kante
94%
Manager N/A Germany Thomas Tuchel
94%
MID #29 Germany Kai Havertz
92%
MID #19 England Mason Mount
92%
DEF #6 Brazil Thiago Silva
91%
FOR #10 United States Christian Pulisic
90%
MID #5 Italy Jorginho
90%
DEF (c) #28 Spain César Azpilicueta
89%
FOR #11 Germany Timo Werner
89%
MID #17 Croatia Mateo Kovačić
88%
DEF #4 Denmark Andreas Christensen
86%
DEF #24 England Reece James
85%
MID #22 Morocco Hakim Ziyech
84%
DEF #3 Spain Marcos Alonso
81%
DEF #21 England Ben Chilwell
79%
FOR #9 England Tammy Abraham
71%
MID #23 Scotland Billy Gilmour
67%
GK #13 Argentina Willy Caballero
67%
DEF #33 Italy Emerson
66%
FOR #18 France Olivier Giroud
65%
DEF #15 France Kurt Zouma
61%
FOR #20 England Callum Hudson-Odoi
52%
DEF #14 England Fikayo Tomori
35%
FOR N/A Belgium Charly Musonda
17%
MID N/A England Daniel Drinkwater
14%
No matching quizzes found
Score Distribution
Percent of People with Each Score
Percentile by Number Answered
Your Score History
You have not taken this quiz since the last reset